JetPunk - The Test - Statistics

General Stats
  • This quiz has been taken 33 times
  • The average score is 13 of 21
Answer Stats
Hint Answer % Correct
Name of this website JetPunk.com
100%
What this website is used for Taking {quizzes}
94%
Most popular quiz on this website Countries of the World Quiz
91%
When the website was created 2008
88%
Name for the website mascot Jeppy
81%
User name for the admin Quizmaster
78%
Types of quizzes that are eligible to give you points Featured quizzes
75%
Maximum amount of points that can be earned from eligible quizzes 5
72%
A quiz must receive a certain number of _________ to become the above Nominations
72%
Minimum level required to comment 15
69%
Most popular "category" on this website Geography
66%
Second most popular quiz US States Quiz
63%
How many badges this website offers 33
59%
Name of the company H Brothers Inc.
53%
Last name of the website creators (what the 'H' stands for in the company name) H{ostetler}
53%
Who this website supports by giving 5% of their ad revenue to Trees for the Future
53%
Level of the admin Infinity
41%
Maximum level you can reach 150
34%
Types of quizzes that have been selected to appear on the front page Spotlighted quizzes
28%
Third most popular quiz World Map Without 20 Random Countries
13%
Amount of points you must reach to get to this level 95,000
6%
No matching quizzes found
Score Distribution
Percent of People with Each Score
Percentile by Number Answered
Your Score History
You have not taken this quiz